[Event "IECG TG-2003-0-14920"]
[Site "IECG email"]
[Date "2003.06.27"]
[Round "2"]
[White "Marzullo, Pierangelo"]
[Black "Castro, Bryan S"]
[Result "1-0"]
[WhiteElo "800"]
[BlackElo "952"]
[PlyCount "45"]
[EventDate "2003.06.27"]
[EventType "tourn (corr)"]
[EventRounds "6"]
[SourceTitle "Corr 2024"]
[Source "ChessBase"]
[SourceDate "2023.10.19"]
[SourceVersion "1"]
[SourceVersionDate "2023.10.19"]
[SourceQuality "1"]

1. e4 d5 2. exd5 Nf6 3. d4 Bg4 4. f3 Bf5 5. Bb5+ Nbd7 6. c4 e6 7. dxe6 Bxe6 8. c5 c6 9. Bd3 b6 10. cxb6 Qxb6 11. Ne2 c5 12. 0-0 cxd4 13. Nf4 Bd6 14. Nxe6 fxe6 15. Qb3 Qxb3 16. axb3 Ke7 17. Bg5 Rac8 18. Rxa7 Rc7 19. Rxc7 Bxc7 20. Rc1 Bd6 21. Re1 Nc5 22. Bc4 Re8 23. b4 1-0

[Event "IECG TG-2003-0-14901"]
[Site "IECG email"]
[Date "2003.06.01"]
[Round "1"]
[White "Van Rijswijk, Oskar"]
[Black "Marzullo, Pierangelo"]
[Result "1/2-1/2"]
[WhiteElo "843"]
[BlackElo "800"]
[PlyCount "51"]
[EventDate "2003.06.01"]
[EventType "tourn (corr)"]
[EventRounds "6"]
[SourceTitle "Corr 2024"]
[Source "ChessBase"]
[SourceDate "2023.10.19"]
[SourceVersion "1"]
[SourceVersionDate "2023.10.19"]
[SourceQuality "1"]

1. e4 e5 2. Nf3 Nc6 3. Bc4 Bc5 4. 0-0 Nf6 5. b3 Nxe4 6. d3 Nd6 7. Nc3 Nxc4 8. bxc4 0-0 9. Bg5 f6 10. Be3 d6 11. d4 exd4 12. Bxd4 Bg4 13. Be3 Re8 14. h3 Bxf3 15. Qxf3 Bxe3 16. fxe3 Re6 17. Rab1 Rb8 18. Qd5 Qe7 19. Nb5 Kf8 20. Qf5 Kg8 21. Qd5 Re8 22. Nc3 Nd8 23. e4 c6 24. Qa5 b6 25. Qa3 Nf7 26. Rf4 1/2-1/2

[Event "IECG TG.2002.0.14748"]
[Site "IECG email"]
[Date "2002.??.??"]
[Round "1"]
[White "Hilliard, John"]
[Black "Marzullo, Pierangelo"]
[Result "0-1"]
[WhiteElo "800"]
[BlackElo "800"]
[PlyCount "58"]
[EventDate "2002.??.??"]
[EventType "match (corr)"]
[EventRounds "2"]
[SourceTitle "Corr 2008"]
[Source "ChessBase"]
[SourceDate "2008.06.24"]
[SourceVersion "1"]
[SourceVersionDate "2008.06.24"]
[SourceQuality "1"]

1. e4 e5 2. Bc4 Nf6 3. d4 exd4 4. Qxd4 Nc6 5. Qe3 Be7 6. Bd5 0-0 7. Nh3 Bb4+ 8. c3 Nxd5 9. Qd3 Nf6 10. 0-0 Bc5 11. Bg5 h6 12. Bxf6 Qxf6 13. Nd2 d6 14. Qg3 Bxh3 15. Qxh3 Rfe8 16. Rad1 a5 17. Qd3 Ne5 18. Qb5 Ng4 19. Nf3 Rxe4 20. Qxb7 Rae8 21. h3 Nxf2 22. Rxf2 Re1+ 23. Rxe1 Rxe1+ 24. Kh2 Bxf2 25. Qc8+ Kh7 26. Qg4 Re2 27. b4 Rxa2 28. Qc4 Ra1 29. Qd3+ Qg6 0-1